000 00284nam a22001337a 4500
008 170516b xxu||||| |||| 00| 0 eng d
020 _a720593048660
041 _aeng
080 _a`94)100)
100 _a16
101 _aSHH
245 _aWORLD HSITORY
_cPOZ.P
942 _2udc
_cBK
999 _c13413
_d13413